000 01871nam a22002657a 4500
999 _c57053
_d57053
003 Ge_BSU
005 20210211130653.0
008 191101s2018 ||||| |||| 00| 0 geo d
020 _a978994180055
041 _ageo
080 _a94(494(479.22)"1918-1921:323(479.22):351(479.22) ჯ 20
100 _aჯანელიძე,ოთარ.
_95207
245 _aსაქართველოს დემოკრატიული რესპუბლიკა 1918-1921 /
_cსარედ.კოლეგია : მიხეილ წერეთელი ; მიხეილ ბახტაძე ; ეკატერინე გამყრელიძე ; ნათია ხულუზაური .
264 _aთბილისი :
_bსაქართველოს ეროვნული მუზეუმი,
_c2018.
300 _a96 გვ .:
_bილ ; ფოტოები ;
_c20 სმ.
500 _a100 წელი საქართველოს პირველი დემოკრატიული რესპუბლიკის დაარსებიდან
653 _aისტორია
653 _aსაშინაო პოლიტიკა
653 _aსახელმწიფოს ადმინისტრაციული მართველობა
700 _aწერეთელი, მიხეილ
_eსარედაქციო .კოლეგია
_95208
700 _aბახტაძე, მიხეილ
_eსარედაქციო .კოლეგია
_92381
700 _aგამყრელიძე, ეკატერინე
_eსარედაქციო .კოლეგია
_93463
700 _aხულუზაური, ნათია
_eსარედაქციო .კოლეგია
_95209
942 _2udc
_cBK